[Event "COL-ch pre olympic (Women)"]
[Site "El Bagre"]
[Date "2019.12.14"]
[Round "10"]
[White "Franco Valencia, Beatriz Irene"]
[Black "Romero, Daniela"]
[Result "1/2-1/2"]
[WhiteElo "2116"]
[BlackElo "1841"]
[PlyCount "66"]
[EventDate "2019.12.09"]
[EventType "tourn"]
[EventRounds "11"]
[EventCountry "COL"]
[SourceTitle "CBM 193 Extra"]
[Source "ChessBase"]
[SourceDate "2020.01.31"]
[SourceVersion "1"]
[SourceVersionDate "2020.01.31"]
[SourceQuality "1"]

1. d4 d5 2. c4 e6 3. Nc3 Be7 4. cxd5 exd5 5. Nf3 c6 6. Qc2 Nf6 7. Bf4 g6 8. e3 Bf5 9. Bd3 Bxd3 10. Qxd3 0-0 11. h3 Re8 12. 0-0 Nbd7 13. Rfc1 Rc8 14. Rab1 Nf8 15. b4 a6 16. Na4 Ne6 17. Bh2 b5 18. Nc5 Nxc5 19. dxc5 Bf8 20. Nd4 Bg7 21. a4 Qd7 22. Ra1 Ra8 23. Ra3 Qb7 24. Rca1 Nd7 25. Qc2 Ne5 26. Bxe5 Bxe5 27. Qa2 Bxd4 28. exd4 bxa4 29. Rxa4 Re4 30. Rxa6 Rxa6 31. Qxa6 Qxb4 32. Qc8+ Kg7 33. Qxc6 Kg8 1/2-1/2

[Event "COL pre olympic sf3"]
[Site "Cartagena"]
[Date "2019.08.16"]
[Round "4"]
[White "Mercado Maestre, Maria Angel"]
[Black "Romero, Daniela"]
[Result "0-1"]
[WhiteElo "1306"]
[BlackElo "1837"]
[PlyCount "54"]
[EventDate "2019.08.14"]
[EventType "swiss"]
[EventRounds "10"]
[EventCountry "COL"]
[SourceTitle "EXT 2020"]
[Source "ChessBase"]
[SourceDate "2019.10.17"]
[SourceVersion "1"]
[SourceVersionDate "2019.10.17"]
[SourceQuality "1"]

1. d4 d5 2. c4 e6 3. Nc3 Nf6 4. Bg5 Be7 5. cxd5 exd5 6. e3 0-0 7. Bd3 h6 8. Bxf6 Bxf6 9. Qc2 c6 10. 0-0-0 b5 11. f3 a5 12. g4 Re8 13. Qd2 Qe7 14. e4 Bxd4 15. exd5 Be3 16. dxc6 Bxd2+ 17. Rxd2 b4 18. Nb5 Qc5+ 19. Kd1 Nxc6 20. a3 bxa3 21. Nxa3 Be6 22. Nc2 Nb4 23. Ne2 Nxd3 24. Rxd3 Bc4 25. Rd2 Bxe2+ 26. Rxe2 Rxe2 27. Kxe2 Qxc2+ 0-1

[Event "COL pre olympic sf3"]
[Site "Cartagena"]
[Date "2019.08.15"]
[Round "3"]
[White "Romero, Daniela"]
[Black "Orozco, Lina Yomayra"]
[Result "0-1"]
[WhiteElo "1837"]
[BlackElo "2123"]
[PlyCount "54"]
[EventDate "2019.08.14"]
[EventType "swiss"]
[EventRounds "10"]
[EventCountry "COL"]
[SourceTitle "EXT 2020"]
[Source "ChessBase"]
[SourceDate "2019.10.17"]
[SourceVersion "1"]
[SourceVersionDate "2019.10.17"]
[SourceQuality "1"]

1. d4 Nf6 2. Nf3 e6 3. Bf4 c5 4. c3 b5 5. e3 Qb6 6. Nbd2 Bb7 7. Bd3 d6 8. h3 Nbd7 9. 0-0 Be7 10. e4 Nf8 11. Re1 Ng6 12. Bh2 0-0 13. a3 Rfd8 14. Qe2 a6 15. Rac1 Rac8 16. Bb1 a5 17. Ba2 Ba6 18. Qe3 b4 19. axb4 axb4 20. cxb4 Qxb4 21. Qb3 d5 22. Qxb4 cxb4 23. e5 Nd7 24. Bg3 Nb6 25. b3 Na8 26. Bb1 Rc3 27. Bxg6 hxg6 0-1

[Event "Medellin Flores op 24th"]
[Site "Medellin"]
[Date "2017.08.05"]
[Round "5"]
[White "Romero, Daniela"]
[Black "Orozco Arango, Jaidiber"]
[Result "1-0"]
[WhiteElo "1862"]
[BlackElo "1859"]
[PlyCount "97"]
[EventDate "2017.08.03"]
[EventType "swiss"]
[EventRounds "9"]
[EventCountry "COL"]
[SourceTitle "CBM 179 Extra"]
[Source "ChessBase"]
[SourceDate "2017.08.23"]
[SourceVersion "1"]
[SourceVersionDate "2017.08.23"]
[SourceQuality "1"]

1. d4 Nf6 2. Nf3 g6 3. Bf4 Bg7 4. e3 0-0 5. Be2 b6 6. 0-0 Bb7 7. Nbd2 d6 8. h3 Nbd7 9. c3 c5 10. Re1 Kh8 11. Bf1 Nh5 12. Bh2 f5 13. Ng5 Rf6 14. e4 e5 15. d5 Nf8 16. Bd3 h6 17. Ngf3 fxe4 18. Nxe4 Rf7 19. c4 Nf4 20. Bc2 Qe7 21. a4 Rd8 22. Bxf4 Rxf4 23. a5 Bc8 24. axb6 axb6 25. Ra3 Rf7 26. Nh2 Nh7 27. Ng3 Rdf8 28. f3 Bf5 29. Nxf5 gxf5 30. Ra6 Qb7 31. Ra2 Ng5 32. Nf1 b5 33. b3 e4 34. f4 Nh7 35. Ne3 Rg8 36. Kh1 Bd4 37. cxb5 Rg3 38. Nc4 Qxd5 39. Ne3 Rxe3 40. Rxe3 Rg7 41. Bb1 Nf6 42. Re1 Rg3 43. b6 Rxb3 44. Ra6 Rg3 45. Ba2 c4 46. b7 Rg8 47. Ra8 Nd7 48. Rxg8+ Kxg8 49. Qb1 1-0

[Event "COL-ch U20 Girls"]
[Site "Bogota"]
[Date "2017.03.18"]
[Round "4"]
[White "Romero, Daniela"]
[Black "Argote Heredia, Valentina"]
[Result "0-1"]
[WhiteElo "1905"]
[BlackElo "1946"]
[PlyCount "54"]
[EventDate "2017.03.16"]
[EventType "swiss"]
[EventRounds "7"]
[EventCountry "COL"]
[SourceTitle "CBM 177 Extra"]
[Source "ChessBase"]
[SourceDate "2017.04.27"]
[SourceVersion "1"]
[SourceVersionDate "2017.04.27"]
[SourceQuality "1"]

1. c4 e5 2. d3 Nf6 3. Nf3 Nc6 4. Nc3 d5 5. cxd5 Nxd5 6. e4 Nde7 7. Be2 Ng6 8. Be3 Bg4 9. Qb3 Qd7 10. Rd1 Bxf3 11. Bxf3 Nh4 12. Nd5 Nxf3+ 13. gxf3 0-0-0 14. Rc1 Kb8 15. Qa4 a6 16. Qc4 Bd6 17. Rb1 Ne7 18. Nc3 Qc6 19. b4 b5 20. Qb3 Rd7 21. a4 Qb7 22. axb5 axb5 23. Ra1 Nc6 24. Nd5 f5 25. exf5 Nd4 26. Bxd4 exd4 27. f6 Be5 0-1

[Event "COL-ch U20 Girls"]
[Site "Bogota"]
[Date "2017.03.17"]
[Round "3"]
[White "Dominguez, Laura Lucia"]
[Black "Romero, Daniela"]
[Result "1-0"]
[WhiteElo "2025"]
[BlackElo "1905"]
[PlyCount "76"]
[EventDate "2017.03.16"]
[EventType "swiss"]
[EventRounds "7"]
[EventCountry "COL"]
[SourceTitle "CBM 177 Extra"]
[Source "ChessBase"]
[SourceDate "2017.04.27"]
[SourceVersion "1"]
[SourceVersionDate "2017.04.27"]
[SourceQuality "1"]

1. e4 c5 2. Nf3 d6 3. d4 cxd4 4. Qxd4 Nc6 5. Bb5 Bd7 6. Bxc6 Bxc6 7. Nc3 Nf6 8. Bg5 h6 9. Be3 e5 10. Qd3 Be7 11. 0-0-0 Qa5 12. Nd2 a6 13. Nc4 Qc7 14. Bb6 Qd7 15. f3 0-0 16. Nxd6 Qe6 17. Qc4 Qxc4 18. Nxc4 Nd7 19. Be3 b5 20. Nd6 Rab8 21. Nf5 Bf6 22. Rd6 Rfc8 23. Rhd1 Rc7 24. Rxc6 Rxc6 25. Rxd7 Rd8 26. Rxd8+ Bxd8 27. Nd5 Kh7 28. b3 h5 29. Kb2 g6 30. Nfe7 Re6 31. Nc8 f5 32. c4 f4 33. Bb6 Bxb6 34. Ncxb6 g5 35. Nd7 Kg7 36. c5 g4 37. Kc3 gxf3 38. gxf3 h4 1-0

[Event "Medellin Construct op"]
[Site "Medellin"]
[Date "2017.01.25"]
[Round "1"]
[White "Romero, Daniela"]
[Black "Cespedes, Cesar Ivan"]
[Result "0-1"]
[WhiteElo "1900"]
[BlackElo "2094"]
[PlyCount "80"]
[EventDate "2017.01.25"]
[EventType "swiss"]
[EventRounds "7"]
[EventCountry "COL"]
[SourceTitle "CBM 176 Extra"]
[Source "ChessBase"]
[SourceDate "2017.03.02"]
[SourceVersion "1"]
[SourceVersionDate "2017.03.02"]
[SourceQuality "1"]

1. d4 d5 2. Nf3 Bf5 3. Bf4 e6 4. e3 Bd6 5. Bg3 Nf6 6. Nh4 Bg6 7. Nxg6 hxg6 8. Nd2 Bxg3 9. fxg3 Nbd7 10. c4 c6 11. Qb3 Qc7 12. 0-0-0 0-0-0 13. Be2 Kb8 14. Bf3 g5 15. Kb1 g4 16. Be2 Rh6 17. e4 dxe4 18. Qe3 Rdh8 19. Nxe4 Nxe4 20. Qxe4 Nf6 21. Qe3 Rxh2 22. Rhg1 R2h5 23. Rd3 Rh1 24. Rgd1 Rxd1+ 25. Bxd1 Rh1 26. Kc2 a6 27. Rb3 Ka8 28. Be2 Qa5 29. a3 Qe1 30. Rd3 Qa5 31. Qf4 Rg1 32. Qf2 Qe1 33. Qe3 Rxg2 34. Rd2 Qxg3 35. Qe5 Qxe5 36. dxe5 Nd7 37. Rxd7 Rxe2+ 38. Kd3 Rf2 39. Ke3 Rf5 40. Rd2 g3 0-1

[Event "COL pre olympic (Women) sf2"]
[Site "Cartagena"]
[Date "2016.05.05"]
[Round "2"]
[White "Mateus, Martha"]
[Black "Romero, Daniela"]
[Result "1-0"]
[WhiteElo "2158"]
[BlackElo "1917"]
[PlyCount "99"]
[EventDate "2016.05.04"]
[EventType "swiss"]
[EventRounds "7"]
[EventCountry "COL"]
[SourceTitle "EXT 2018"]
[Source "ChessBase"]
[SourceDate "2017.10.13"]
[SourceVersion "1"]
[SourceVersionDate "2017.10.13"]
[SourceQuality "1"]

1. e4 c5 2. c3 e6 3. d3 d5 4. Nd2 Nc6 5. g3 Nf6 6. Ngf3 Be7 7. Bg2 0-0 8. 0-0 Rb8 9. e5 Nd7 10. Re1 b5 11. Nf1 Bb7 12. h4 d4 13. N1h2 dxc3 14. bxc3 b4 15. c4 Nd4 16. Nxd4 cxd4 17. Qg4 Re8 18. Bb2 Bc5 19. Bxd4 Bxg2 20. Kxg2 Qb6 21. Nf3 Bxd4 22. Qxd4 Nc5 23. Qe3 Red8 24. d4 Na4 25. h5 Rbc8 26. h6 g6 27. Qg5 Kf8 28. Qf6 Qb7 29. Kh2 Ke8 30. Ng5 Qe7 31. Nxh7 Qxf6 32. Nxf6+ Ke7 33. h7 Rh8 34. d5 Rxc4 35. d6+ Kd8 36. Rac1 Nc3 37. Re3 Rc8 38. a3 a5 39. axb4 axb4 40. Ra1 Nd5 41. Nxd5 exd5 42. Ra7 Rxh7+ 43. Kg2 d4 44. Re1 Rh8 45. Rxf7 Rb8 46. Rf4 d3 47. Rd4 Re8 48. f4 b3 49. Rxd3 Rb4 50. Rb1 1-0

[Event "COL-ch U20 Girls"]
[Site "Medellin"]
[Date "2016.03.18"]
[Round "5"]
[White "Ocampo Betancur, Cristina Angela"]
[Black "Romero, Daniela"]
[Result "0-1"]
[WhiteElo "1712"]
[BlackElo "1908"]
[PlyCount "50"]
[EventDate "2016.03.16"]
[EventType "swiss"]
[EventRounds "7"]
[EventCountry "COL"]
[SourceTitle "CBM 171 Extra"]
[Source "ChessBase"]
[SourceDate "2016.04.26"]
[SourceVersion "1"]
[SourceVersionDate "2016.04.26"]
[SourceQuality "1"]

1. e4 c5 2. Nf3 a6 3. c3 d6 4. d4 cxd4 5. cxd4 Nf6 6. Nc3 e6 7. g3 b5 8. e5 dxe5 9. dxe5 Qxd1+ 10. Nxd1 Bb7 11. exf6 Bxf3 12. fxg7 Bxg7 13. Rg1 Nc6 14. Be3 Nb4 15. Rb1 Rd8 16. Be2 Be4 17. Rc1 Nxa2 18. Rc5 Nb4 19. Nc3 Nc2+ 20. Kf1 Nxe3+ 21. fxe3 Bf5 22. Kf2 0-0 23. g4 Bd3 24. Rc1 Rd6 25. e4 Bd4+ 0-1

[Event "COL-ch U20 Girls"]
[Site "Medellin"]
[Date "2016.03.17"]
[Round "3"]
[White "Salcedo, Jackeline"]
[Black "Romero, Daniela"]
[Result "1/2-1/2"]
[WhiteElo "1995"]
[BlackElo "1908"]
[PlyCount "64"]
[EventDate "2016.03.16"]
[EventType "swiss"]
[EventRounds "7"]
[EventCountry "COL"]
[SourceTitle "CBM 171 Extra"]
[Source "ChessBase"]
[SourceDate "2016.04.26"]
[SourceVersion "1"]
[SourceVersionDate "2016.04.26"]
[SourceQuality "1"]

1. d4 d5 2. c4 e6 3. Nc3 Nf6 4. cxd5 exd5 5. Bg5 c6 6. Qc2 g6 7. Bxf6 Qxf6 8. Nxd5 Qxd4 9. Rd1 Bb4+ 10. Nxb4 Qxb4+ 11. Qd2 Qxd2+ 12. Rxd2 Be6 13. b3 a5 14. e3 Nd7 15. Nf3 a4 16. b4 Ke7 17. a3 Nf6 18. Bd3 Bd5 19. Ke2 Rhd8 20. Rc1 Ne4 21. Bxe4 Bxe4 22. Rcd1 Rxd2+ 23. Rxd2 Rd8 24. Rxd8 Kxd8 25. Ne1 Kd7 26. f3 Bd5 27. Kd3 Kd6 28. e4 Bb3 29. Kd4 b6 30. e5+ Ke6 31. Nd3 Bc2 32. Nf4+ Ke7 1/2-1/2

[Event "COL-ch Universities (Women)"]
[Site "Bogota"]
[Date "2015.10.06"]
[Round "3"]
[White "Romero, Daniela"]
[Black "Orozco, Lina Yomayra"]
[Result "0-1"]
[WhiteElo "1908"]
[BlackElo "2118"]
[PlyCount "58"]
[EventDate "2015.10.05"]
[EventType "swiss"]
[EventRounds "6"]
[EventCountry "COL"]
[SourceTitle "CBM 168 Extra"]
[Source "ChessBase"]
[SourceDate "2015.10.29"]
[SourceVersion "1"]
[SourceVersionDate "2015.10.29"]
[SourceQuality "1"]

1. d4 Nf6 2. c4 c5 3. d5 e6 4. Nc3 exd5 5. cxd5 d6 6. e4 g6 7. Be2 Bg7 8. f4 0-0 9. Nf3 Re8 10. Nd2 a6 11. a4 h5 12. h3 Nbd7 13. 0-0 Nf8 14. Bf3 Rb8 15. a5 b5 16. axb6 N8d7 17. Nc4 Nxb6 18. Nxb6 Rxb6 19. Re1 Nd7 20. Qe2 Bd4+ 21. Kh1 Qh4 22. Qd2 Nf6 23. f5 Bxf5 24. Re2 Bxh3 25. Qg5 Qxg5 26. Bxg5 Bg4 27. Bxf6 Bxf6 28. Bxg4 hxg4 29. Rf1 Bd4 0-1

[Event "Pan American-ch U18 Girls"]
[Site "Cali"]
[Date "2015.07.02"]
[Round "8"]
[White "Basto, Suely"]
[Black "Romero, Daniela"]
[Result "1/2-1/2"]
[WhiteElo "1774"]
[BlackElo "1908"]
[PlyCount "55"]
[EventDate "2015.06.28"]
[EventType "swiss"]
[EventRounds "9"]
[EventCountry "COL"]
[SourceTitle "EXT 2016"]
[Source "ChessBase"]
[SourceDate "2015.10.08"]
[SourceVersion "1"]
[SourceVersionDate "2015.10.08"]
[SourceQuality "1"]

1. g3 c5 2. Bg2 Nc6 3. e3 g6 4. Ne2 Bg7 5. d3 d5 6. Nd2 e6 7. f4 Nge7 8. e4 0-0 9. 0-0 Rb8 10. Rb1 b5 11. g4 Nd4 12. Kh1 b4 13. e5 Nxe2 14. Qxe2 Ba6 15. Nb3 Qc7 16. Be3 d4 17. Bg1 Bb7 18. Nd2 Bd5 19. Bxd5 Nxd5 20. g5 h6 21. h4 h5 22. Ne4 Qc6 23. Qg2 Ne7 24. c3 bxc3 25. bxc3 Rxb1 26. Rxb1 Rd8 27. c4 a6 28. Nd6 1/2-1/2

[Event "COL-ch U18"]
[Site "Cali"]
[Date "2014.04.06"]
[Round "7"]
[White "Cardoso Cardoso, Jaidy Marcela"]
[Black "Romero, Daniela"]
[Result "1-0"]
[WhiteElo "1683"]
[BlackElo "1939"]
[PlyCount "63"]
[EventDate "2014.04.03"]
[EventType "swiss"]
[EventRounds "7"]
[EventCountry "COL"]
[SourceTitle "CBM 159 Extra"]
[Source "ChessBase"]
[SourceDate "2014.04.24"]
[SourceVersion "1"]
[SourceVersionDate "2014.04.24"]
[SourceQuality "1"]

1. d4 d5 2. c4 c6 3. Nc3 Nf6 4. Nf3 e6 5. Bg5 h6 6. Bh4 dxc4 7. e4 g5 8. Bg3 b5 9. a3 Bb7 10. Qc2 g4 11. Ne5 Qxd4 12. Rd1 Qb6 13. Bh4 Nbd7 14. Qd2 Qc7 15. Qf4 Qxe5 16. Qxe5 Nxe5 17. Bxf6 Ng6 18. Bxh8 Nxh8 19. Be2 h5 20. h3 gxh3 21. Rxh3 Ng6 22. Bxh5 Nf4 23. Bxf7+ Kxf7 24. Rf3 Bh6 25. g3 Kf6 26. gxf4 a5 27. Rd7 Rb8 28. e5+ Kg6 29. Rg3+ Kh5 30. Rh7 c5 31. Rg5+ Kh4 32. Rxh6# 1-0

[Event "Medellin de Segunda Cat. Antioquia"]
[Site "Medellin"]
[Date "2014.03.20"]
[Round "2.17"]
[White "Zuniga, Eddy Andres"]
[Black "Romero, Daniela"]
[Result "0-1"]
[WhiteElo "1698"]
[BlackElo "1936"]
[PlyCount "26"]
[EventDate "2014.03.19"]
[EventType "swiss"]
[EventRounds "7"]
[EventCountry "COL"]
[SourceTitle "EXT 2024"]
[Source "ChessBase"]
[SourceDate "2023.10.10"]
[SourceVersion "1"]
[SourceVersionDate "2023.10.10"]
[SourceQuality "1"]

1. d4 d5 2. Nf3 Nf6 3. Bf4 Bf5 4. e3 e6 5. Bd3 Bxd3 6. cxd3 Bd6 7. Ne5 0-0 8. Nd2 Nbd7 9. Rc1 Rc8 10. 0-0 Qe7 11. Ndf3 c5 12. Bg5 Qe8 13. Qa4 Nxe5 0-1

[Event "COL-ch sf (Women)"]
[Site "Medellin"]
[Date "2014.??.??"]
[Round "5"]
[White "Gomez Guardo, Laura Melissa"]
[Black "Romero, Daniela"]
[Result "1-0"]
[WhiteElo "1799"]
[BlackElo "1939"]
[PlyCount "87"]
[EventDate "2014.04.15"]
[EventType "swiss"]
[EventRounds "9"]
[EventCountry "COL"]
[SourceTitle "CBM 160 Extra"]
[Source "ChessBase"]
[SourceDate "2014.07.01"]
[SourceVersion "1"]
[SourceVersionDate "2014.07.01"]
[SourceQuality "1"]

1. d4 d5 2. c4 e6 3. Nf3 c6 4. cxd5 exd5 5. Nc3 Bf5 6. Bf4 Nf6 7. e3 Be7 8. Be2 0-0 9. 0-0 Nbd7 10. a3 Qb6 11. Na4 Qd8 12. b4 Ne4 13. Rc1 Ndf6 14. Nc5 Nxc5 15. dxc5 Rc8 16. Nd4 Bg6 17. Bd3 Nh5 18. Be5 Bf6 19. Bxg6 hxg6 20. Bd6 Re8 21. Nf3 Qd7 22. Rb1 a6 23. h3 Be7 24. Bh2 Nf6 25. Qd3 Qf5 26. Qxf5 gxf5 27. Nd4 Ne4 28. Rfe1 g6 29. Nb3 Bh4 30. g3 Bf6 31. Kg2 Nc3 32. Rbc1 Ne4 33. Rc2 Nc3 34. g4 fxg4 35. hxg4 Nb5 36. a4 Nc3 37. a5 Ne4 38. Nd4 Nxc5 39. bxc5 Bxd4 40. Rb1 Bf6 41. Rxb7 Bd8 42. Ra2 Re7 43. Rb4 Re8 44. Bd6 1-0

[Event "Central America-ch U18 Girls 4th"]
[Site "Armenia"]
[Date "2013.11.05"]
[Round "5"]
[White "Romero, Daniela"]
[Black "Salcedo, Jackeline"]
[Result "1/2-1/2"]
[WhiteElo "1875"]
[BlackElo "1969"]
[PlyCount "129"]
[EventDate "2013.11.05"]
[EventType "swiss"]
[EventRounds "6"]
[EventCountry "COL"]
[SourceTitle "EXT 2016"]
[Source "ChessBase"]
[SourceDate "2015.10.08"]
[SourceVersion "1"]
[SourceVersionDate "2015.10.08"]
[SourceQuality "1"]

1. b3 f5 2. Bb2 d5 3. d4 e6 4. c4 c6 5. e3 Nf6 6. Bd3 Ne4 7. Ne2 Nd7 8. f3 Nef6 9. Nf4 Bb4+ 10. Nd2 Qe7 11. a3 Ba5 12. b4 Bc7 13. Rc1 g5 14. Ne2 Nf8 15. e4 dxe4 16. fxe4 Ng6 17. e5 Ng4 18. Nf1 Nh4 19. Rg1 Bb6 20. c5 Bc7 21. a4 Bd7 22. h3 Nh6 23. Ne3 Rf8 24. Nc4 f4 25. Be4 N4f5 26. Rf1 Kd8 27. Kd2 Be8 28. Bf3 Bg6 29. Kc3 Rb8 30. Kb3 Qd7 31. Ka2 b5 32. cxb6 axb6 33. Qb3 b5 34. Nd2 Ne7 35. Ne4 Bxe4 36. Bxe4 Nd5 37. Bxd5 cxd5 38. a5 Nf5 39. h4 Ne3 40. Rf2 h6 41. g3 Nf5 42. hxg5 hxg5 43. gxf4 g4 44. Rg2 Rg8 45. Rcg1 Nh6 46. Ng3 Qf7 47. Bc1 Nf5 48. Qc3 Rc8 49. Qd3 Rb8 50. Bb2 Kd7 51. Rc1 Rgc8 52. Rc5 Bd8 53. Rxb5 Be7 54. Nxf5 exf5 55. Re2 Qe6 56. Rxb8 Rxb8 57. b5 Bb4 58. a6 Ke7 59. Ba3 Bxa3 60. Kxa3 Qb6 61. Qb3 Qa5+ 62. Qa4 Qc3+ 63. Qb3 Qa5+ 64. Qa4 Qc3+ 65. Ka2 1/2-1/2